Представление документа в формате RUSMARC

ПолеНазваниеЗначение
  Тип записи a
  Библиографический уровень a
001 Контрольный номер RU/CBS_Ul/BASE/534094552
005 Дата корректировки 20250124000049.2
100 Данные общей обработки __
a Данные общей обработки 20161203d2016 ||| 0rusy0189 ca
101 Язык документа 0_
a Язык текста rus
102 Страна публикации __
a Страна публикации RU
105 Кодированные данные (монография) __
a Кодированные данные (монография) y###||||000|y
200 Заглавие и сведения об ответственности 1_
a Заглавие Держи ноги в тонусе
b Общее обозначение материала Текст
e Сведения, относящиеся к заглавию [о симптомах и профилактике варикозной болезни]
f Первые сведения об ответственности Е. Масальская
300 Общие примечания __
a Общие примечания Ограничения по возрасту - 12+
461 Уровень набора _0
1 2000
a Комсомольская правда
463 Уровень физической единицы _0
1 001RU/CBS_Ul/BASE/533828597
1 2000
a № 48-т (30 ноября)
v С. 28
1 210
d 2016
606 Тематические рубрики 0_
a Основная рубрика Вены - Болезни
610 Ключевые слова 0_
a Ключевые слова вены
a Ключевые слова вены на ногах
a Ключевые слова ноги
a Ключевые слова болезни вен
a Ключевые слова варикозная болезнь
a Ключевые слова варикозная болезнь вен
686 Индексы других классификаций __
a Классификационный индекс 54.102
2 Код системы ББК
700 Автор _1
a Фамилия Масальская
b Имя (инициалы) Е.
801 Источник записи _0
a Страна RU
b Организация МБУК ЦБС г. Ульяновска
c Дата составления 20161203
g Правила каталогизации RCR
801 Источник записи _1
a Страна RU
b Организация МБУК ЦБС г. Ульяновска
c Дата составления 20161203
g Правила каталогизации RCR
901 Тип документа __
t Тип документа f
w Контрольный № источника RU/CBS_Ul/BASE/533828597
910 Корректоры записи __
a Корректор записи Библиотека 1
938 Служебная информация __
a Имя БД period